Prime Ministers of Israel Quiz Stats

 Plays Quiz Updated Jan 1, 2018

Challenge
Share
Tweet
Embed
Score 0/17 Timer 07:00
4 Plays Today
Served Prime Minister % Correct
1996-1999Benjamin Netanyahu
88.1%
1969-1974Golda Meir
84%
2001-2006Ariel Sharon
78.3%
1948-1954David Ben-Gurion
77%
1955-1963David Ben-Gurion
77%
2009-presentBenjamin Netanyahu
76.6%
1974-1977Yitzhak Rabin
76.4%
1992-1995Yitzhak Rabin
76.4%
1984-1986Shimon Peres
62.9%
Served Prime Minister % Correct
1995-1996Shimon Peres
62.9%
1999-2001Ehud Barak
59.9%
2006-2009Ehud Olmert
58.6%
1977-1983Menachem Begin
57.9%
1983-1984Yitzhak Shamir
38.8%
1986-1992Yitzhak Shamir
38.8%
1963-1969Levi Eshkol
30.4%
1954-1955Moshe Sharett
23.8%

You're not logged in!

Compare scores with friends on all Sporcle quizzes.
OR
Log In

You Might Also Like...

Show Comments

Extras

Top Quizzes Today


Score Distribution

Your Account Isn't Verified!

In order to create a playlist on Sporcle, you need to verify the email address you used during registration. Go to your Sporcle Settings to finish the process.

Report this User

Report this user for behavior that violates our Community Guidelines.

Details: